Statistics for Countries Bordering Black Sea - Map Quiz

Click here to take the quiz!

General Stats

  • This quiz has been taken 689 times
    (562 since last reset)
  • The average score is 5 of 6

Answers on the Map

Answers color-coded by a green-red scale on the quiz's map according to % correct below.
 

Answer Stats

Answer% Correct
Turkey
93%
Russia
92%
Georgia
90%
Bulgaria
89%
Romania
89%
Ukraine
89%

Score Distribution

Percentile by Number Answered

Percent of People with Each Score

Your Score History

You have not taken this quiz since the last reset